Designs, graphs, codes and their links /
Guardado en:
| Autor Principal: | |
|---|---|
| Otros Autores: | |
| Formato: | Libro |
| Idioma: | English |
| Publicado: |
Cambridge :
Cambridge University Press,
1991.
|
| Series: | London Mathematical Society student texts ;
22 |
| Materias: | |
| Acceso en línea: | Publisher description |
| Etiquetas: |
Agregar Etiqueta
Sin Etiquetas, Sea el primero en etiquetar este registro!
|
| LEADER | 02014cam a2200301 a 4500 | ||
|---|---|---|---|
| 001 | MAT.inmabb003694 | ||
| 008 | 920321s1991####enka#####b####001#0#eng## | ||
| 005 | 20130225111816.0 | ||
| 245 | 1 | 0 | |a Designs, graphs, codes and their links / |c P. J. Cameron and J. H. van Lint. |
| 260 | |a Cambridge : |b Cambridge University Press, |c 1991. | ||
| 300 | |a viii, 240 p. : |b il. ; |c 23 cm. | ||
| 440 | 0 | |a London Mathematical Society student texts ; |v 22 | |
| 500 | |a "The book ... can be viewed as a third edition, the first two, by Cameron, having appeared in the London Mathematical Society Lecture Note Series (vols. 19 and 43) under the titles Graph theory, coding theory and block designs (Cambridge Univ. Press, Cambridge, 1975) and Graphs, codes and designs (revised edition, Cambridge Univ. Press, Cambridge, 1980)."--Math. Rev. | ||
| 504 | |a Incluye referencias bibliográficas (p. [215]-226) e índices. | ||
| 505 | 0 | |a 1. Design theory -- 2. Strongly regular graphs -- 3. Graphs with least eigenvalue $-2$ -- 4. Regular two-graphs -- 5. Quasi-symmetric designs -- 6. A property of the number six -- 7. Partial geometries -- 8. Graphs with no triangles -- 9. Codes -- 10. Cyclic codes -- 11. The Golay codes -- 12. Reed-Muller and Kerdock codes -- 13. Self-orthogonal codes and projective planes -- 14. Quadratic residue codes and the Assmus-Mattson theorem -- 15. Symmetry codes over $F_3$ -- 16. Nearly perfect binary codes and uniformly packed codes -- 17. Association schemes. | |
| 510 | 4 | |a MR, |c 93c:05001 | |
| 020 | |a 0521423856 (pbk.) | ||
| 020 | |a 0521413257 | ||
| 100 | 1 | |a Cameron, Peter J. |q (Peter Jephson), |d 1947- | |
| 700 | 1 | |a Lint, Jacobus Hendricus van, |d 1932- | |
| 650 | 0 | |a Combinatorial designs and configurations. | |
| 650 | 0 | |a Coding theory. | |
| 650 | 0 | |a Graph theory. | |
| 084 | |a 05-01 (94B05) |2 msc2000 | ||
| 010 | |a 92135247 | ||
| 040 | |a DLC |c DLC |d DLC | ||
| 856 | 4 | 2 | |3 Publisher description |u http://www.loc.gov/catdir/description/cam025/92135247.html |
| 859 | |h 05 |i C182d |p A-6761 |b BIB. MATEMATICA | ||
